| 000 | 00724nam a2200241Ia 4500 | ||
|---|---|---|---|
| 003 | OSt | ||
| 005 | 20220923211733.0 | ||
| 006 | a|||||r|||| 00| 0 | ||
| 007 | ta | ||
| 008 | Pun | ||
| 024 | _a43,873 | ||
| 037 | _cTextual | ||
| 040 |
_aARTS _cARTS _bPun |
||
| 041 |
_2Pun _aPun |
||
| 082 | _aO153,3NDI,BJ, K0 | ||
| 100 | _aਦਿਲਬਰ, ਹਰੀ ਸਿੰਘ | ||
| 245 | 0 | _aਬਾਂਹਿ ਜਿਨਾਂ ਦੀ ਪਕੜੀਏ | |
| 260 |
_aਲੁਧਿਆਣਾ _b ਲਾਹੌਰ ਬੁਕ Fਾਪ _c1960 |
||
| 300 |
_a249ਪੰ _ccm. |
||
| 650 | _aਪੰਜਾਬੀ ਸਾਹਿਤ | ||
| 942 |
_hO153,3NDI,BJ, K0 _cTEXL _2CC |
||
| 999 |
_c303030 _d303030 |
||